Bilecik Bilecik Bilecik Bilecik Bilecik

II. Mahmud Devri'nde Katolik Ermeni Cemâati ve Kilisesi'nin tanınması (1830) = (Record no. 66373)

MARC details
000 -BAŞLIK
Sabit Uzunluktaki Kontrol Alanı 01678nam a22003857a 4500
001 - KONTROL NUMARASI
Control Dosyası 0065990
003 - KONTROL NUMARASI KİMLİĞİ
Kontrol Alanı KOHA_MİRAKIL
005 - EN SON İŞLEM TARİHİ ve ZAMANI
Kontrol Alanı 20260207004624.0
007 - FİZİKSEL TANIM SABİT ALAN - GENEL BİLGİ
Sabit uzunluklu kontrol alanı ta
008 - SABİT UZUNLUKTAKİ VERİ ÖGELERİ - GENEL BİLGİ
Sabit Alan 210304b1995 tu |||gr||||#0|||0|tur |
040 ## - KATALOGLAMA KAYNAĞI
Özgün Kataloglama Kurumu TR-BiSEU
Kataloglama Dili tur
Çeviri Kurumu TR-BiSEU
Açıklama Kuralları rda
041 0# - DİL KODU
Metin ya da ses kaydının dil kodu tur
044 ## - YAYINLAYAN/ÜRETEN KURULUŞUN ÜLKE KODU
ISO country code tu
050 ## - SINIFLAMA ve YER NUMARASI
Sınıflama Numarası BX4715.22
Yer Numarası .B49 1995
100 1# - KİŞİ ADI
Yazar Adı (Kişi adı) Beydilli, Kemal.
240 10 - TEK BİÇİM BAŞLIK
Tekbiçim Başlık <a href="Recognition of the Armenian Catholic community and the church in the reign of Mahmud II (1830)">Recognition of the Armenian Catholic community and the church in the reign of Mahmud II (1830)</a>
Language of a work Türkçe
245 1# - ESER ADI BİLDİRİMİ
Başlık II. Mahmud Devri'nde Katolik Ermeni Cemâati ve Kilisesi'nin tanınması (1830) =
Alt Eseradı vb. Recognition of the Armenian Catholic community and the church in the reign of Mahmud II (1830)/
Sorumluluk Bildirimi Kemal Beydilli ; Kemal Beydilli.
264 #1 - ÜRERİM, YAYIN, DAĞITIM ve TELİF BİLDİRİMİ
Yayın yeri [Cambridge, MA] :
Yayınlayan Harvard Üniversitesi Yakındoğu Dilleri ve Medeniyetleri Bölümü
Yayın tarihi 1995
300 ## - FİZİKSEL TANIMLAMA
Sayfa, Cilt vb. xii, 298 sayfa; 28 cm.
336 ## - İÇERİK TÜRÜ
Content type term metin
Content type code txt
Source rdacontent
337 ## - MEDYA TÜRÜ
Media type term aracısız
Media type code n
Source rdamedia
338 ## - TAŞIYICI TÜRÜ
Carrier type term cilt
Carrier type code nc
Source rdacarrier
490 1# - DİZİ BİLDİRİMİ
Dizi Bildirimi Doğu dilleri ve edebiyatlarının kaynakları ;
Cilt Numarası 27.
490 1# - DİZİ BİLDİRİMİ
Dizi Bildirimi Türkçe kaynaklar ;
Cilt Numarası 24 =
Dizi Bildirimi Sources of Oriental languages and literatures ;
Cilt Numarası 27.
490 1# - DİZİ BİLDİRİMİ
Dizi Bildirimi Turkic sources ;
Cilt Numarası 24
500 ## - GENEL NOT
Genel Not Kaynakça ve dizin var.
650 #0 - KONU BAŞLIĞI EK GİRİŞ - KONU TERİMİ
Konusal terim veya coğrafi ad Catholic Church--Armenian rite--Turkey.
9 (RLIN) 124291
650 #0 - KONU BAŞLIĞI EK GİRİŞ - KONU TERİMİ
Konusal terim veya coğrafi ad Christians--Turkey--History--19th century.
9 (RLIN) 124292
650 #0 - KONU BAŞLIĞI EK GİRİŞ - KONU TERİMİ
Konusal terim veya coğrafi ad Turkey--Ethnic relations.
9 (RLIN) 15794
830 1# - SERİ EK GİRİŞİ - TEKBİÇİM ESER ADI
Tekbiçim Başlık Doğu dilleri ve edebiyatlarının kaynakları ;
Volume number/sequential designation 27.
9 (RLIN) 85097
830 1# - SERİ EK GİRİŞİ - TEKBİÇİM ESER ADI
Tekbiçim Başlık Türkçe kaynaklar ;
Volume number/sequential designation 24 =
Tekbiçim Başlık Sources of Oriental languages and literatures ;
Volume number/sequential designation 27.
9 (RLIN) 124189
830 1# - SERİ EK GİRİŞİ - TEKBİÇİM ESER ADI
Tekbiçim Başlık Turkic sources ;
Volume number/sequential designation 24
9 (RLIN) 124293
907 ## - LOCAL DATA ELEMENT G, LDG (RLIN)
a Din
942 ## - EK GİRİŞ ÖGELERİ (KOHA)
Source of classification or shelving scheme Library of Congress Classification
Koha item type Book
Holdings
Materyal Türü Kalıcı Konum Mevcut Konum Raf Yeri Sınıflandırma Kaynağı Edinim Bilgisi Ana Konular Alt Konular Yer Numarası Demirbaş Numarası Fatura Tarihi Geri Çekilme Durumu Kayıp Durumu Hasarlı Durumu Kredi için değil Kayıt Tarih Toplam Ödünçverme Son Görülme Tarihi Son Kontrol Tarihi Genel / Bağış Notu
Book Prof. Dr. Azmi Özcan Kütüphanesi Prof. Dr. Azmi Özcan Kütüphanesi Uluğbey Salonu Library of Congress Classification Bağış FELSEFE, PSİKOLOJİ, DİN Hristiyan Mezhepleri BX4715.22 .B49 1995 0065990 02/02/2026         04/03/2021   05/03/2025 05/03/2025 Millet Kütüphanesi [Cumhurbaşkanlığı Külliyesi]